|
|
|
|
| LEADER |
00000nta a2200000 i 4500 |
| 001 |
dolg8710 |
| 005 |
20170503090903.0 |
| 008 |
161212suuuu hu om 000 hun d |
| 040 |
|
|
|a BGE Dolgozattár Repozitórium
|b hun
|
| 041 |
|
|
|a hu
|
| 100 |
1 |
|
|a Toma Nándor
|
| 245 |
1 |
0 |
|a Minőségirányítás és a repülés kapcsolata, a karbantartás hatékonyságának javítása a Lean hátterű, projekt és teljesítmény menedzsment módszerrel
|c Toma Nándor
|h [elektronikus dokumentum]
|
| 695 |
|
|
|a Minőségirányítás
|
| 695 |
|
|
|a Lean
|
| 700 |
1 |
|
|a Miskolczi Tibor
|e ths
|
| 856 |
4 |
0 |
|u http://dolgozattar.uni-bge.hu/8710/1/Toma%20N%C3%A1ndor%20Szakdolgozat%20A%20min%C5%91s%C3%A9gir%C3%A1ny%C3%ADt%C3%A1s%20%C3%A9s%20rep%C3%BCl%C3%A9s%20kapcsolata%20a%20karbantart%C3%A1s%20hat%C3%A9konys%C3%A1g%C3%A1nak%20jav%C3%ADt%C3%A1sa%20a%20lean%20h%C3%A1tter%C5%B1%20projekt%20%C3%A9s%20teljes%C3%ADtm%C3%A9ny%20menedzsment%20m%C3%B3dszerrel.pdf
|z Dokumentum-elérés
|
| 856 |
4 |
0 |
|u http://dolgozattar.uni-bge.hu/8710/7/Hivatalos%20bejegyz%C3%A9s%20Toma%20N%C3%A1ndor.pdf
|z Dokumentum-elérés
|